|
|
|
|
| LEADER |
01015nam a22002532a 4500 |
| 001 |
000059217 |
| 003 |
CZ BrMZK |
| 005 |
20140820113442.0 |
| 007 |
ta |
| 008 |
950407s1958 xr f cze d |
| 015 |
|
|
|a cnb000682582
|
| 040 |
|
|
|a BOA001
|b cze
|
| 100 |
1 |
|
|a Audy, Oldřich,
|d 1911-1995
|7 jk01010402
|4 aut
|
| 245 |
1 |
0 |
|a Čítanka pro 9. ročník :
|b pokusný učební text dvanáctileté střední školy.
|n Část 1. /
|c Oldřich Audy
|
| 250 |
|
|
|a 1. vyd.
|
| 260 |
|
|
|a Praha :
|b Státní pedagogické nakladatelství,
|c 1958
|
| 300 |
|
|
|a 35 s.
|
| 490 |
1 |
|
|a Učebnice pro všeobecně vzdělávací školy
|
| 830 |
|
0 |
|a Učebnice pro všeobecně vzdělávací školy
|0 s
|
| 910 |
|
|
|a BOA001
|b PK-0019.718,1
|b 2-0402.128,1
|
| 964 |
|
|
|a Čeština - čítanky pokusné - školy střední
|
| 990 |
|
|
|a BK
|
| 996 |
6 |
|
|b 2619128459
|c 2-0402.128,1
|l MZK
|r Sklad / do 24 hodin
|n 0
|w 000059217
|u 000020
|a 1
|e BOA001
|j MZK50
|s P
|
| 996 |
7 |
|
|b 3119974113
|c PK-0019.718,1
|l MZK
|r Sklad / do 1 hodiny
|n 6
|w 000059217
|u 000010
|a 1
|e BOA001
|j MZK50
|s A
|